Walls Quiz - Statistics

General Stats
  • This quiz has been taken 5 times
  • The average score is 9 of 12
Answer Stats
Hint Answer % Correct
3. Two of Us
100%
6. Walls
100%
8. Always You
75%
11. Defenceless
75%
2. Don't Let It Break Your Heart
75%
9. Fearless
75%
7. Habit
75%
1. Kill My Mind
75%
10. Perfect Now
75%
4. We Made It
75%
12. Only The Brave
50%
5. Too Young
50%
No matching quizzes found
Score Distribution
Percent of People with Each Score
Percentile by Number Answered
Your Score History
You have not taken this quiz